000 00697nam a2200289Ia 4500
005 20260324121710.0
008 008 260324s9999 xx 000 0 eng d
020 _a9781315883168
037 _aEBOOK
040 _aCRL
040 _beng
040 _cCRL
041 _2eng
041 _aeng
084 _qCRL
100 _aFatih Ermiş
_91163523
245 2 _aA History of Ottoman Economic Thought
245 0 _bDevelopments Before the Nineteenth Century
260 _bTaylor and Francis
260 _c2013
365 _a
365 _b265
856 _uhttp://www.taylorfrancis.com/books/9781315883168
942 _cEBOOK
999 _c1755797
_d1755797